| 000 | 00572nam a2200181Ia 4500 | ||
|---|---|---|---|
| 005 | 20250326141845.0 | ||
| 008 | 250326s9999 xx 000 0 und d | ||
| 037 | _aTextbook | ||
| 040 |
_aFMSL _beng _cFMSL |
||
| 041 |
_aeng _2eng |
||
| 084 |
_aL:f.433 M6 _qFMSL |
||
| 100 |
_aWHO _973500 |
||
| 245 | 0 |
_aRegional advisory committee on medical research for south east Asia : Proceedings of the Specia Session 1985 _cWHO |
|
| 260 |
_aNew Delhi _bNew Delhi, World Health Org. _c1982 |
||
| 300 | _a71p | ||
| 942 |
_cTB _hL:f.433 M6 |
||
| 999 |
_c1292312 _d1292312 |
||